000 00478nam a22001817a 4500
003 NUST - PNEC
005 20170116180835.0
008 150805b xxu||||| |||| 00| 0 eng d
020 _a0070053715
020 _a007Y661510
040 _cLIBRARY
082 _a530.44 BIR
100 _94933
_aBirdsall, Charles K.
245 _aPlasma physics : via computer simulation
_cCharles K. Birdsall
260 _cc.1985
650 _94935
_aComputer Simulation
_xME
942 _2ddc
_cBK
999 _c64193
_d64193